1696 1337 1843 1856 1065 1357 1925 1407 1341 1862 1963 1097 1773 1948 1271 1727 1474 1686 1869 1754 1465 1988 1190 1865 1921 1674 1465 1663 1959 1161 1607 1195 1952 1398 1422 1754 1262 1276 1136 1985 1868 1940 1430 1569 1213 1617 1618 1903 1694 1389 1453 1002 1885 1168 1419 1077 1812 1618 1620 1630 1918 1654 1058 1103 1857 1869 1636 1025 1149 1542 1347 1855 1637 1400 1661 1089 1276 1112 1299 1087 1709 1466 1827 1866 1685 1545 1027 1190 1873 1920 1620 1110 1751 1230 1439 1206 1273 1493 1162 BCNSPRNW ULIB Ver.6.0+V

เปลี่ยนเป็นภาษาไทย

Change to English
 แสดงรายละเอียดบรรณานุกรม
  กลับหน้าหลัก

Brief Record : Get Marc (ISO 2709) : E-mail record : QR code < ปิดหน้าต่าง
LEADER : 00000nam 2200000uu 4500
001    13399109868
003     ULIB
008    110418s2546||||th 000 0 tha d
060 04 WC750^bย339ม 2546
245 00 มาลาเรีย /^cบรรณาธิการ, ยงยุทธ ยุทธวงศ์, ศิรศักดิ์ เทพาคำ,ศศิธร เทศน์อรรถภาคย์
246 14 มาลาเรีย :^bภัยมืดที่โลกลืม
260    [กรุงเทพฯ] :^bงานสื่อสิ่งพิมพ์ศูนย์พันธุวิศวกรรมและเทคโนโลยีชีวภาพแห่งชาติ สำนักงานพัฒนาวิทยาศาสตร์และเทคโนโลยีแห่งชาติ,^c2546
300    vi, 139 หน้า :^bภาพประกอบ ;^c24 ซม.
650  7 มาลาเรีย^xการรักษาด้วยยา
650  7 มาลาเรีย
650  7 ยารักษามาลาเรีย
700 0  ยงยุทธ ยุทธวงศ์,^eบรรณาธิการ
700 0  ศิรศักดิ์ เทพาคำ,^eบรรณาธิการ
700 0  ศศิธร เทศน์อรรถภาคย์^eบรรณาธิการ
710 2  สำนักงานพัฒนาวิทยาศาสตร์และเทคโนโลยีแห่งชาติ.^bศูนย์พันธุวิศวกรรมและเทคโนโลยีแห่งชาติ. ^bงานสื่อสิ่งพิมพ์
710 2  ศูนย์พันธุวิศวกรรมและเทคโนโลยีแห่งชาติ
945    ^p150^l0^i024972
945    ^p150^l0^i024971
995    ทศพร
999 ^a ใช้งานได้ทุกระบบ
รายการนี้ยังไม่มีแท็ก
คุณยังไม่ได้ล็อกอิน คุณสามารถมีกิจกรรมร่วมกับเว็บไซต์ได้ แต่ต้องล็อกอินก่อน ::
  ล็อกอิน

รายการสื่อสารสนเทศ

ลำดับที่ ประเภท เลขเรียก/บาร์โค้ด สถานที่ สถานะ
- ไม่พบข้อมูล -

รายการใกล้เคียง
    หัวเรื่อง [มาลาเรีย]
    หัวเรื่อง [ยารักษามาลาเรีย]

BibComment


ยังไม่เคยถูกคอมเมนท์

คอมเมนท์ทรัพยากรรายการนี้
  คอมเมนท์: มาลาเรีย บรรณาธิ..


 Copyright 2026. Bcnsprnw @Library